Las exequias cristianas
Shranjeno v:
| Glavni avtor: | |
|---|---|
| Format: | Knjiga |
| Jezik: | španščina |
| Izdano: |
Barcelona, España:
Centre de Pastoral Litúrgica,
2008
|
| Izdaja: | Primera edición |
| Serija: | Biblioteca Litúrgica, 34
|
| Teme: | |
| Oznake: |
Označite
Brez oznak, prvi označite!
|
MARC
| LEADER | 00000cam a2200000 a 4500 | ||
|---|---|---|---|
| 001 | UCE8739 | ||
| 003 | CL-VaPUC | ||
| 005 | 20230309175540.0 | ||
| 008 | 150827e20080000sp |||||||||||||||||spa|d | ||
| 999 | |c 360518 |d 360516 | ||
| 020 | |a 9788498052749 | ||
| 040 | |c Pontificia Universidad Católica de Valparaíso | ||
| 082 | 0 | 4 | |a 265.85 PAR 2008 |2 21 |
| 100 | |a Parés i Saltor, Francesc Xavier |e autor |9 581453 | ||
| 245 | 1 | 4 | |a Las exequias cristianas |
| 250 | |a Primera edición | ||
| 260 | |a Barcelona, España: |b Centre de Pastoral Litúrgica, |c 2008 | ||
| 300 | |a 160 páginas | ||
| 490 | 0 | |a Biblioteca Litúrgica, 34 | |
| 583 | |a last modification |c 20180824 02:48:12 |k Rodrigo Vera | ||
| 650 | 0 | |a Funerales |2 CL-VaPUC |9 506533 | |
| 650 | 0 | |a Lecturas responsoriales |2 CL-VaPUC |9 545556 | |
| 852 | |a BIBCUR | ||
| 942 | |c BK |2 ddc | ||
| 945 | |d 20150827 16:13:00 |a gsalatino | ||
| 952 | |0 0 |1 0 |3 erd |4 0 |6 265_850000000000000_PAR_2008 |7 0 |8 A |9 470359 |a BIBTEO |b BIBTEO |i 5195276 |l 1 |o 265.85 PAR 2008 |p 5195276 |r 2025-01-17 |s 2024-10-09 |w 2019-11-23 |y BK |z Catalogado en:20150827 |k ICR | ||
| 952 | |0 0 |1 0 |3 erd |4 0 |6 265_850000000000000_PAR_2008 |7 0 |8 A |9 470360 |a BIBTEO |b BIBTEO |i 5341124 |o 265.85 PAR 2008 |p 5341124 |r 2025-01-17 |w 2019-11-23 |y BK |z Catalogado en:20160915 |k ICR | ||
| 952 | |0 0 |1 0 |2 ddc |4 0 |6 265_850000000000000_PAR_2008 |7 0 |8 A |9 577421 |a BIBTEO |b BIBTEO |d 2021-01-05 |e 3 |g 26682.00 |i 5581702 |o 265.85 PAR 2008 |p 5581702 |r 2025-01-17 |t 3 |v 26682.00 |w 2021-01-05 |y BK |k ICR | ||